000 00695nam a2200241 a 4500
001
003 DO-SdBNP
005 20210809133345.0
008 110523s2006 dr 000 f spa d
020 _a9993456020
040 _aBPMSU
_bspa
_cBPMSU
082 _aRD863.44
_bI32s, 2006
_222
100 1 _aImbert Brugal, Carmen
245 1 0 _aSueños de salitre /
_cCarmen Imbert Brugal.
260 _aSanto Domingo :
_bNorma,
_c2006.
300 _a146 p. ;
_c23 cm.
500 _aIncluye datos biográficos del autor en la solapa de la cubierta
590 _aInventariado, 2021/VM
650 4 _aNovela dominicana
650 0 _aLiteratura dominicana.
910 _aVMateo V.
942 _2ddc
_cBK
999 _c13643
_d13643